• 首页
  • 本馆介绍
  • 公告通知
  • 最新文献
  • 馆藏检索
  • 电子资源
  • 读者导购
  • 参考咨询
  • 我的图书馆
  • 登录
  • 详细信息显示
  • 放入我的书架
  • 预约/预借图书
  • 作者相关作品
  • 分类相关作品
  • 丛书相关作品
  • 出版社相关作品

书目信息

  • 表格格式
  • 工作单格式
  • 卡片格式
题名:
新编食品添加剂应用手册
    
 
作者: 孙平 主编
分册:  
出版信息: 北京   化学工业出版社  2017.1
页数: 539页
开本: 24cm
丛书名:
单 册:
中图分类: TS202.3-6
科图分类:
主题词: 食品添加剂--手册
电子资源:
ISBN: 978-7-122-27429-8
000 01023nam0 2200229 450
001 0400004941
005 20171025145310.0
010    @a978-7-122-27429-8@dCNY168.00
100    @a20161213d2017 em y0chiy50 ea
101 0  @achi
102    @aCN@b110000
105    @ay z 001yy
106    @ar
200 1  @a新编食品添加剂应用手册@9xin bian shi pin tian jia ji ying yong shou ce@f孙平主编
210    @a北京@c化学工业出版社@d2017.1
215    @a539页@d24cm
330    @a本手册以食品安全标准、相关法规以及食品添加剂物种性能和使用要求为编写基础,根据食品添加剂的应用分类,将国标中的23类食品添加剂(包括营养强化剂)归为防腐保鲜、调色护色、结构改良、调味增香、营养强化、辅助加工及其他6章。重点介绍了有关食品添加剂的物种类别、理化性质、制备来源、毒理学依据、质量标准、应用、生产厂家等细则内容,手册内容有助于读者快速了解食品添加剂相关物种的性能特点与经营信息。
606 0  @a食品添加剂@j手册
690    @aTS202.3-6@v5
701  0 @a孙平@9sun ping@4主编
801  0 @aCN@b91MARC@c20171025
905    @b1039989-92@dTS202.3-6@f4@e255
    
    新编食品添加剂应用手册/孙平主编.-北京:化学工业出版社,2017.1
    539页;24cm
    
    
    ISBN 978-7-122-27429-8:CNY168.00
    本手册以食品安全标准、相关法规以及食品添加剂物种性能和使用要求为编写基础,根据食品添加剂的应用分类,将国标中的23类食品添加剂(包括营养强化剂)归为防腐保鲜、调色护色、结构改良、调味增香、营养强化、辅助加工及其他6章。重点介绍了有关食品添加剂的物种类别、理化性质、制备来源、毒理学依据、质量标准、应用、生产厂家等细则内容,手册内容有助于读者快速了解食品添加剂相关物种的性能特点与经营信息。
●
相关链接 在E读中查询图书 在五车中查询图书 在当当中查询图书 在豆瓣中查询图书


正题名:新编食品添加剂应用手册     索取号:TS202.3-6/255         预约/预借

序号 登录号 条形码 馆藏地/架位号 状态 备注
1 1039989   210399898   第二样本阅览室/ [索取号:TS202.3-6/255] 在馆    
2 1039990   210399905   密集书库-生命科学系/ [索取号:TS202.3-6/255] 在馆    
3 1039991   210399914   第三借阅区/ [索取号:TS202.3-6/255] 在馆    
4 1039992   210399923   第三借阅区/ [索取号:TS202.3-6/255] 在馆    
唐山师范学院图书馆 欢迎您!
大连网信软件有限公司© 版权所有